[Event "AUTO-OPEN-4471"]
[Site "http://www.queenalice.com/game.php?id=1831140"]
[Date "2024.2.8"]
[Round "2"]
[White "MarceloF"]
[Black "josebaron"]
[Result "1-0"]
[WhiteElo "2213"]
[BlackElo "2194"]

1. d4 d5 2. c4 dxc4 3. Nf3 Nf6 4. e3 Bg4 5. Bxc4 e6 6. h3 Bxf3 7. Qxf3 Nc6 8.
Nc3 Bb4 9. a3 Bxc3+ 10. bxc3 O-O 11. O-O Nd5 12. e4 Nde7 13. Bg5 h6 14. Bh4 a6
15. Qg3 Qd6 16. e5 Qd7 17. Bd3 Ng6 18. Rfe1 Nxh4 19. Qxh4 Ne7 20. Re3 c5 21. Rg3
Kh8 22. Re1 cxd4 23. cxd4 Rae8 24. Qg4 g6 25. Qf4 Ng8 26. Qh4 Kh7 27. Re4 f5 28.
exf6 1-0

[Event "Challenge"]
[Site "http://www.queenalice.com/game.php?id=1831357"]
[Date "2024.2.12"]
[Round "-"]
[White "jogo"]
[Black "MarceloF"]
[Result "1-0"]
[WhiteElo "2087"]
[BlackElo "2205"]

1. e4 c5 2. Nf3 Nc6 3. c3 d5 4. exd5 Qxd5 5. c4 Qe4+ 6. Be2 Nd4 7. Nxd4 Qxg2 8.
Bf3 Qh3 9. Nb5 Qe6+ 10. Be2 Qe4 11. O-O Bh3 12. Bf3 Qg6+ 13. Kh1 Bxf1 14. Qxf1
Rc8 15. Bxb7 Rb8 16. Qg2 Qb6 17. Be4 a6 18. Bc6+ Qxc6 19. Qxc6+ Kd8 20. Qc7+ Ke8
21. Qxb8+ Kd7 22. Qxf8 axb5 23. Qxg7 Nf6 24. Qxh8 Ke6 25. cxb5 Kd6 26. d3 e5 27.
Qxf6+ Kd5 28. Nc3+ 1-0

[Event "Challenge"]
[Site "http://www.queenalice.com/game.php?id=1834068"]
[Date "2024.3.24"]
[Round "-"]
[White "jogo"]
[Black "MarceloF"]
[Result "1-0"]
[WhiteElo "2115"]
[BlackElo "2189"]

1. e4 c5 2. Nf3 Nc6 3. c3 d5 4. exd5 Na5 5. b4 cxb4 6. cxb4 Nc6 7. dxc6 bxc6 8.
d4 Nf6 9. Bc4 Bg4 10. Be3 e5 11. dxe5 Bxb4+ 12. Bd2 Bxd2+ 13. Nbxd2 Nd5 14. h3
Bh5 15. g4 Bg6 16. Qa4 Qc7 17. O-O Nc3 18. Qb4 Nd5 19. Qc5 Nf4 20. h4 Ne6 21. h5
Nxc5 22. hxg6 hxg6 23. Nb3 Nxb3 24. axb3 Qd7 25. Nh2 Qd4 26. Rad1 Qf4 27. Kg2
Qxh2+ 28. Kf3 1-0

[Event "Challenge"]
[Site "http://www.queenalice.com/game.php?id=1834069"]
[Date "2024.3.24"]
[Round "-"]
[White "MarceloF"]
[Black "jogo"]
[Result "1-0"]
[WhiteElo "2199"]
[BlackElo "2007"]

1. d4 Nf6 2. c4 g6 3. Nc3 d5 4. e3 Bg4 5. Nf3 Bg7 6. h3 Bc8 7. cxd5 Nxd5 8. Bb5+
c6 9. Ba4 Nxc3 10. bxc3 b5 11. Bb3 h6 12. O-O O-O 13. Ne5 Be6 14. Bxe6 fxe6 15.
Nxg6 Rf6 16. Qg4 Kh7 17. Ne5 Qe8 18. e4 h5 19. Qh4 Bh6 20. f4 a6 21. g4 hxg4 22.
hxg4 Rg6 23. Nxg6 Qxg6 24. f5 exf5 25. exf5 Qg7 26. g5 Nd7 27. g6+ Kg8 28. Bxh6
Qf6 29. Qxf6 Nxf6 30. Rae1 Nd5 31. Re6 Rc8 32. Kf2 Rc7 33. Rh1 Nxc3 34. f6 1-0

[Event "Challenge"]
[Site "http://www.queenalice.com/game.php?id=1834641"]
[Date "2024.4.6"]
[Round "-"]
[White "jogo"]
[Black "MarceloF"]
[Result "0-1"]
[WhiteElo "2051"]
[BlackElo "2184"]

1. e4 c5 2. Nf3 Nc6 3. c3 e5 4. d4 cxd4 5. cxd4 d5 6. exd5 Qxd5 7. Nc3 Qa5 8. d5
Nb4 9. Nxe5 Bd6 10. Nc4 Qc5 11. Nxd6+ Qxd6 12. Bb5+ Bd7 13. Bxd7+ Qxd7 14. a3
Na6 15. O-O O-O-O 16. Qd4 Kb8 17. Qxg7 Ne7 0-1

[Event "Challenge"]
[Site "http://www.queenalice.com/game.php?id=1834642"]
[Date "2024.4.6"]
[Round "-"]
[White "MarceloF"]
[Black "jogo"]
[Result "1-0"]
[WhiteElo "2205"]
[BlackElo "1999"]

1. d4 Nf6 2. c4 g6 3. Nc3 d5 4. cxd5 Nxd5 5. Nxd5 Qxd5 6. Nf3 Bg7 7. e3 Bg4 8.
h3 Bxf3 9. Qxf3 Qxf3 10. gxf3 O-O 11. b3 c5 12. Bb2 cxd4 13. exd4 Rd8 14. O-O-O
Rc8+ 15. Kb1 e6 16. f4 Nc6 17. Bg2 Rd8 18. h4 h5 19. Bf3 1-0

[Event "Challenge"]
[Site "http://www.queenalice.com/game.php?id=1834645"]
[Date "2024.4.6"]
[Round "-"]
[White "jogo"]
[Black "MarceloF"]
[Result "0-1"]
[WhiteElo "2040"]
[BlackElo "2192"]

1. e4 c5 2. Nf3 Nc6 3. c3 d6 4. d4 cxd4 5. cxd4 e6 6. Nc3 Nf6 7. Bg5 Be7 8. Bb5
Bd7 9. e5 dxe5 10. dxe5 Nd5 0-1

[Event "Challenge"]
[Site "http://www.queenalice.com/game.php?id=1836054"]
[Date "2024.5.1"]
[Round "-"]
[White "jogo"]
[Black "MarceloF"]
[Result "1-0"]
[WhiteElo "1769"]
[BlackElo "2209"]

1. e4 c5 2. Nf3 Nc6 3. c3 d6 4. d4 cxd4 5. cxd4 e6 6. Nc3 Nf6 7. Bb5 a6 8. Bd3
h6 9. h3 Be7 10. e5 dxe5 11. dxe5 Nd5 12. Ne4 O-O 13. a3 Qc7 14. O-O Nxe5 15.
Nxe5 Qxe5 16. f4 Qd4+ 17. Kh1 b5 18. Bc2 f5 19. Qxd4 fxe4 20. Qxe4 Bb7 21. Qxe6+
Rf7 22. Bg6 Rf8 23. Bxf7+ Rxf7 24. Rd1 Kf8 25. Rxd5 Bxd5 26. Qc8+ Bd8 27. Qxd8#
1-0

[Event "Challenge"]
[Site "http://www.queenalice.com/game.php?id=1836055"]
[Date "2024.5.1"]
[Round "-"]
[White "MarceloF"]
[Black "jogo"]
[Result "1-0"]
[WhiteElo "2187"]
[BlackElo "1783"]

1. d4 Nf6 2. c4 g6 3. Nc3 d5 4. e3 Bg7 5. cxd5 Nxd5 6. Nxd5 Qxd5 7. Nf3 Bg4 8.
Be2 O-O 9. h3 Bf5 10. O-O Nd7 11. b3 c5 12. Bc4 Qc6 13. Ng5 cxd4 14. exd4 b5 15.
Bd3 Bxd3 16. Qxd3 h6 17. Ne4 f5 18. Nc3 a6 19. Re1 1-0

[Event "Challenge"]
[Site "http://www.queenalice.com/game.php?id=1836824"]
[Date "2024.5.14"]
[Round "-"]
[White "jogo"]
[Black "MarceloF"]
[Result "0-1"]
[WhiteElo "1775"]
[BlackElo "2191"]

1. e4 c5 2. Nf3 Nc6 3. d4 d5 4. exd5 Qxd5 5. Nc3 Qd6 6. dxc5 Qxc5 7. Be3 Qb4 8.
Rb1 Nf6 9. a3 Qd6 10. Qxd6 exd6 11. Nb5 a6 12. Nbd4 Nxd4 13. Nxd4 d5 0-1

[Event "Challenge"]
[Site "http://www.queenalice.com/game.php?id=1836825"]
[Date "2024.5.14"]
[Round "-"]
[White "MarceloF"]
[Black "jogo"]
[Result "1-0"]
[WhiteElo "2186"]
[BlackElo "1785"]

1. d4 Nf6 2. c4 g6 3. Nc3 d5 4. e3 Bg7 5. Nf3 O-O 6. Bd3 h6 7. O-O Bg4 8. h3 Bc8
9. cxd5 Nxd5 10. Nxd5 Qxd5 11. Re1 f5 12. e4 1-0

[Event "Challenge"]
[Site "http://www.queenalice.com/game.php?id=1839886"]
[Date "2024.7.8"]
[Round "-"]
[White "jogo"]
[Black "MarceloF"]
[Result "1-0"]
[WhiteElo "1784"]
[BlackElo "2149"]

1. e4 c5 2. Nf3 Nc6 3. d4 cxd4 4. Nxd4 e5 5. Nb3 Nf6 6. f3 Bb4+ 7. Bd2 a5 8. a3
Bd6 9. Bc4 O-O 10. g4 a4 11. Nc1 Bc5 12. g5 Nh5 13. Ne2 Nd4 14. Nxd4 Bxd4 15. c3
Bc5 16. b4 axb3 17. Qxb3 Nf4 18. Bxf4 exf4 19. h4 d6 20. Bd5 Qe7 21. Nd2 1-0